(NEW) VCT Champs 2025 Teams by Player Flags - Statistics

General Stats
  • This quiz has been taken 271 times
  • The average score is 14 of 15
Answer Stats
Flags Country % Correct
MIBR
99%
Sentinels
98%
T1 | DRX
97%
EDward Gaming
96%
Fnatic
96%
Paper Rex
96%
G2 Esports
95%
Team Heretics
94%
NRG
93%
Dragon Ranger Gaming
91%
Team Liquid
91%
GIANTX
90%
Rex Regum Qeon
90%
Bilibili Gaming
88%
XLG Esports
88%
No matching quizzes found
Score Distribution
Percent of People with Each Score
Percentile by Number Answered
Your Score History
You have not taken this quiz